000 00396nam a2200157Ia 4500
003 Ost
005 20260225132548.0
008 260225s9999||||xx |||||||||||||| ||und||
040 _cfsic
041 _afre
082 _a440
100 _aHerbert Thomas
_eAuteur
245 0 _aGeologie de paléontologie du gisement Achenléen de l'érgtihodame /
245 0 _cHerbert Thomas
942 _cكتاب
999 _c33976
_d33976